| 000 | 00660nam a2200217 a 4500 | ||
|---|---|---|---|
| 005 | 20220903164551.0 | ||
| 008 | 991125s1988 mad 000 0 spa u | ||
| 020 | _a9684131658 | ||
| 035 | _aUPN01000005929 | ||
| 049 | _aI | ||
| 050 | 4 |
_aPZ83 N8.28 _b1988 |
|
| 100 | 1 |
_aNunes, Lygia Bojunga, _d1932- _929721 |
|
| 245 | 1 | 3 |
_aEl bolso amarillo / _ctr. Miriam López Moura ; il. Araceli Sanz |
| 260 |
_aMadrid : _bEspasa-Calpe, _c1988 |
||
| 300 |
_a153 p. : _bil |
||
| 440 | 0 |
_aAustral juvenil; _v13 |
|
| 534 | _aTraducción de:$t A bolsa amarela | ||
| 650 | 0 |
_aCuentos brasileños _912674 |
|
| 650 | 4 |
_aLITERATURA INFANTIL BRASILEÑA _911916 |
|
| 905 | _aInfantil | ||
| 999 |
_c5929 _d5929 |
||